Projektový manažment ako kľúčová kompetencia v modernej výučbe aktuárskej vedy

Projektový manažment zohráva čoraz významnejšiu úlohu vo vzdelávaní budúcich aktuárov, keďže prax si vyžaduje nielen technické znalosti, ale aj schopnosť koordinovať komplexné úlohy. Moderné aktuárske projekty často zahŕňajú multidisciplinárne tímy, prácu s rozsiahlymi dátami a komunikáciu s rôznoro...

ver descrição completa

Na minha lista:
Detalhes bibliográficos
Autor principal: Zelinová, Silvia, 1987-
Formato: Capítulo de Livro
Idioma:eslovaco
Assuntos:
Tags: Adicionar Tag
Sem tags, seja o primeiro a adicionar uma tag!

MARC

LEADER 00000naa a2200000 4500
001 0314449
005 20260126103359.0
041 0 |a slo 
044 |a SK 
245 1 0 |a Projektový manažment ako kľúčová kompetencia v modernej výučbe aktuárskej vedy  |c Silvia Zelinová 
500 |a ESG A-25-103/3020-17 
520 |a Projektový manažment zohráva čoraz významnejšiu úlohu vo vzdelávaní budúcich aktuárov, keďže prax si vyžaduje nielen technické znalosti, ale aj schopnosť koordinovať komplexné úlohy. Moderné aktuárske projekty často zahŕňajú multidisciplinárne tímy, prácu s rozsiahlymi dátami a komunikáciu s rôznorodými akcionármi. Zaradenie projektového riadenia do výučby preto zvyšuje pripravenosť študentov na reálne profesionálne výzvy. Študenti získavajú skúsenosti s plánovaním, identifikáciou rizík a hodnotením výsledkov. Praktické projektové úlohy zároveň podporujú rozvoj kritického myslenia a efektívnej spolupráce. Integrácia týchto kompetencií do sylabov umožňuje prepojenie teórie so skutočnými prípadovými štúdiami. Výučba sa stáva dynamickejšou a orientovanou na riešenie problémov. Projektový manažment tak predstavuje významnú pridanú hodnotu, ktorá podporuje profesionalitu a konkurencieschopnosť absolventov aktuárstva v neustále sa meniacej praxi. 
610 2 0 |a modely 
610 2 0 |a učenie strojové 
610 2 0 |a aktuárstvo 
610 2 0 |a riadenie projektové 
610 2 0 |a manažment 
610 2 0 |a projekty 
610 2 0 |a vyučovanie 
610 2 0 |a vzdelávanie 
100 1 |a Zelinová, Silvia, 1987-